| 000 | 00925nam a2200181 a 4500 | ||
|---|---|---|---|
| 001 | 000015715 | ||
| 005 | 20200929164128.0 | ||
| 008 | 100217s1967 dr 000 0 spa d | ||
| 040 |
_aDO-SdBNP _bspa _cBNPHU |
||
| 082 |
_axxx _bS471d |
||
| 111 | 2 |
_aSeminario dominicopuertorriqueño de derecho comparado _n(2a. : _d1966 dic. 15-16-17 : _cSantiago de los Caballeros, República Dominicana) _935382 |
|
| 245 | 1 | 0 | _aSegundo seminario dominicopuertorriqueño de derecho comparado. |
| 246 | 1 | 2 | _aseminario dominicopuertorriqueño de derecho comparado. |
| 260 |
_aBarcelona : _bImprenta Vda. de Daniel Cochs, _c1967. |
||
| 300 |
_a84 p. ; _c24 cm. |
||
| 500 | _aPonencia presentada el seminario dominicopuertorriqueño de derecho comparado, auspiciado por La Universidad Católica de Ponce, Puerto Rico, Escuela de Derecho y La Universidad Católica Madre y Maestra, Santiago de los Caballeros, Facultad de Derecho. | ||
| 049 | _aBNPD | ||
| 999 |
_c15267 _d15267 |
||